Statistics for All Chappell Roan Songs

Click here to take the quiz!

General Stats

  • This quiz has been taken 55 times
  • The average score is 14 of 23

Answer Stats

Album/SingleAnswer% Correct
The Rise and Fall of a Midwest Princess (2023)Casual
96%
The Rise and Fall of a Midwest Princess (2023)Red Wine Supernova
94%
The Rise and Fall of a Midwest Princess (2023)Coffee
89%
The Rise and Fall of a Midwest Princess (2023)Pink Pony Club
89%
The Rise and Fall of a Midwest Princess (2023)HOT TO GO!
87%
The Rise and Fall of a Midwest Princess (2023)Naked In Manhattan
85%
The Rise and Fall of a Midwest Princess (2023)California
83%
The Rise and Fall of a Midwest Princess (2023)After Midnight
79%
The Rise and Fall of a Midwest Princess (2023)Femininomenon
77%
The Rise and Fall of a Midwest Princess (2023)My Kink Is Karma
74%
The Rise and Fall of a Midwest Princess (2023)Kaleidoscope
72%
The Rise and Fall of a Midwest Princess (2023)Super Graphic Ultra Modern Girl
66%
The Rise and Fall of a Midwest Princess (2023)Guilty Pleasure
57%
The Rise and Fall of a Midwest Princess (2023)Picture You
53%
Single (2018)School Nights
47%
Single (2018)Bitter
40%
Single (2020)Love Me Anyway
36%
School Nights (EP) (2017)Die Young
34%
School Nights (EP) (2017)Good Hurt
34%
Single (2017)Good Hurt
34%
School Nights (EP) (2017)Meantime
32%
School Nights (EP) (2017)Sugar High
32%
School Nights (EP) (2017)Bad for You
28%

Score Distribution

Percentile by Number Answered

Percent of People with Each Score

Your Score History

You have not taken this quiz